| 000 | 01652nam2a2200289 i 4500 | ||
|---|---|---|---|
| 001 | RU\NLR\BIBL_A\011130008 | ||
| 005 | 20260409080504.0 | ||
| 010 |
_a9785995304153 _91000 |
||
| 021 |
_aRU _b2016-34531 _92217 |
||
| 035 | _a(NLR Aleph) 011130008 | ||
| 090 |
_a11562758 _c11562758 |
||
| 100 | _a20160517d2016 k y0rusy50 ca | ||
| 101 | 1 |
_arus _ceng |
|
| 102 | _aRU | ||
| 105 | _ay z 001yy | ||
| 200 | 1 |
_aРаннее Средневековье (500-1200): законы, толкования и Писание _dHigh Middle Ages, 500-1200: laws, homilies, and the Bible _f[пер. с англ. Любови Черниной] _zeng |
|
| 210 | _d2016 | ||
| 215 | _a503, [1] с. | ||
| 320 | _aБиблиогр. в примеч.: с. 281-481 и в подстроч. примеч. | ||
| 320 | _aУказ. в конце кн. | ||
| 461 | 0 |
_1001RU\NLR\bibl\2011227 _12001#$aСоциальная и религиозная история евреев$dSocial and religious history of the Jews$e[в 18 т.]$fСало У. Барон$g[пер. с англ. Виктора Гопмана]$zeng$vТ. 6 _1700#1$aБарон$bС. У.$f1895-1989$gСало Уиттмайер$4070 _94342496 _aБарон, С. У. (1895-1989) _cМосква _d2012 _fСало У. Барон _lSocial and religious history of the Jews _nКнижники _o[в 18 т.] _tСоциальная и религиозная история евреев _y9785995302193 _vТ. 6 |
|
| 500 |
_aБиблия _8rus _7ca _3RU\NLR\AUTH\553047 _92631014 |
||
| 510 | 1 |
_aHigh Middle Ages, 500-1200: laws, homilies, and the Bible _zeng |
|
| 942 | _cBOOK | ||
| 980 | _aNBR | ||